Normal view
MARC view
- قصص مترجمة - الفضيلة أو بول وفرجيني
Entry Topical Term
001 - CONTROL NUMBER
- control field: 39250
003 - CONTROL NUMBER IDENTIFIER
- control field: JO-AjAnu
005 - DATE AND TIME OF LATEST TRANSACTION
- control field: 20230606080529.0
008 - FIXED-LENGTH DATA ELEMENTS
- fixed length control field: 230606|| aca||aabn | a|a d
040 ## - CATALOGING SOURCE
- Original cataloging agency: JO-AjAnu
- Transcribing agency: JO-AjAnu
150 ## - HEADING--TOPICAL TERM
- Topical term or geographic name entry element: قصص مترجمة - الفضيلة أو بول وفرجيني
670 ## - SOURCE DATA FOUND
- Source citation: Work cat.: (JO-AjAnu)20129: تأليف بيير، برنارد دي سان ؛ ترجمة المنفلوطي،مصطفى لطفي , author 39249, الفضيلة أو بول وفرجيني للكاتب الفرنسي برنارد دي سان بيير